American manhood : transformations in masculinity from the Revolution to the modern era
Saved in:
| Main Author: | |
|---|---|
| Format: | Book |
| Language: | English |
| Published: |
New York :
BasicBooks,
c1993
|
| Subjects: | |
| Tags: |
Add Tag
No Tags, Be the first to tag this record!
|
MARC
| LEADER | 00000cam a2200000 i 4500 | ||
|---|---|---|---|
| 001 | 1/92016 | ||
| 008 | 080819s1993 eng d | ||
| 020 | |a 978-0-465-00169-9 (pbk.) | ||
| 020 | |a 0-465-00169-6 (pbk.) | ||
| 035 | |l 10099443 | ||
| 040 | |a GR-MY-UA |b gre |e aacr | ||
| 041 | 0 | |a eng | |
| 082 | 0 | |a 305.320973 |2 (22) | |
| 100 | 1 | |a Rotundo, E. Anthony. | |
| 245 | 1 | 0 | |a American manhood : |b transformations in masculinity from the Revolution to the modern era / |c E. Anthony Rotundo |
| 260 | |a New York : |b BasicBooks, |c c1993 | ||
| 300 | |a xii, 382 σ.; |c 21 εκ. | ||
| 504 | |a Περιέχει βιβλιογραφικές παραπομπές και ευρετήριο | ||
| 650 | 0 | 0 | |a Men |z United States |x History |y 19th century. |
| 650 | 0 | 0 | |a Masculinity |z United States |x History |y 19th century. |
| 650 | 0 | 0 | |a Gender identity. |
| 650 | 0 | 0 | |a Men |x Psychology. |
| 852 | |a INST |b LESVOS |e 20080819 |h 305.320973 ROT |p 005100042152 |q 005100042152 |t BK |y 0 | ||
| 852 | |a INST |b LESVOS |e 20100208 |h 305.320973 ROT |p 005100045784 |q 005100045784 |t BK |y 0 | ||
| 901 | |a BIBL1-2008-2 | ||
| 901 | |a BIBL-2010-1 | ||
| 909 | |a Λ |b 145257 | ||
| 909 | |a Λ |b 162702 | ||
| 922 | |a 1ΕΛΗ |b 200801 |c ΕΠΕΑΕΚ2/ΤΚΑ |d ΕΛΕΥΘΕΡΟΥΔΑΚΗΣ | ||
| 970 | |a ΓΙΑΛΑΜΑ |b ΜΑΡΙΑ |z 2008/08/19 | ||